000 00577nam a22002177a 4500
003 UA-OsUOA
001 78799
007 ta
008 20111020b un ||||| |||| 00| 0 ukr d
100 _aНевмержицький Є.
090 _a32
_bН40
942 _cSA
040 _aUA-OsUOA
_bukr
_cUA-OsUOA
_dUA-OsUOA
245 _aПроблеми рецепції антикорупційних механізмів...
300 _aС.40-45
955 _a0
041 _aukr
080 _a32
773 0 _w78796
_tВіче
_dК.
_d2011
_g19
650 7 _a32 Політика
_2UDC
999 _c365116
_d365116